Reinventing human-nature relatioaships : Proceedings of the 14th Malaysian Forestry Conference, 12-16 Sept. 2005, Kota Kinabalu

Bibliographic Details
Corporate Authors: Malaysian Forestry Conference (14th : 2005 : Kota Kinabalu), Jabatan Perhutanan Sabah
Format: Book
Published: Sandakan, Sabah : Jabatan Perhutanan Sabah , 2005
Subjects:

MARC

LEADER 00000cam a2200000 7i4500
001 0000003687
005 20080528.0
020 0 0 |a 9789839554199 
090 0 0 |a 634.9   |b MAL 
110 1 0 |a Malaysian Forestry Conference (14th : 2005 : Kota Kinabalu) 
245 1 0 |a Reinventing human-nature relatioaships :   |b Proceedings of the 14th Malaysian Forestry Conference, 12-16 Sept. 2005, Kota Kinabalu 
260 0 0 |a Sandakan, Sabah :   |b Jabatan Perhutanan Sabah ,   |c 2005 
300 |a ix, 782p. :   |b ill. ;   |c 30cm. 
650 0 0 |a Forest and forestry   |x congress 
710 2 1 |a Jabatan Perhutanan Sabah 
999 |a 0000007291   |b Monograph   |c Open Shelf   |e Default branch 
999 |a 0000007292   |b Monograph   |c Open Shelf   |e Default branch 
999 |a 0000007293   |b Monograph   |c Open Shelf   |e Default branch 
999 |a 0000007294   |b Monograph   |c Open Shelf   |e Default branch 
999 |a 0000007295   |b Monograph   |c Open Shelf   |e Default branch